| 000 | 01115cam a2200349 4500 | ||
|---|---|---|---|
| 001 | 4210 | ||
| 003 | FISKH | ||
| 005 | 20240704152545.0 | ||
| 008 | 720508s1972 nyua j 000 1 eng | ||
| 010 | _a 72002434 | ||
| 020 | _a0394824725 | ||
| 020 | _a9780142410325 | ||
| 040 |
_aDLC _cDLC _dDLC _beng |
||
| 050 | 0 | 0 | _aPZ7.D1515 |
| 082 | _a823.914 | ||
| 100 | 1 | _aDahl, Roald. | |
| 245 | 1 | 0 |
_aCharlie and the great glass elevator / _cRoald Dahl ; Illustrated by Quentin Blake |
| 260 |
_aNew York : _bPuffin Books, _c1972. |
||
| 300 |
_a159 pages : _billustrations ; _c20 cm |
||
| 350 | _a$3.95 | ||
| 505 | _aR | ||
| 520 | _aTaking up where Charlie and the Chocolate Factory leaves off, Charlie, his family, and Mr. Wonka find themselves launched into space in the great glass elevator. | ||
| 521 | 8 |
_a720
_bLexile |
|
| 521 | 8 |
_aR
_bRaz-Plus |
|
| 650 | 1 |
_aOuter space _vFiction. |
|
| 650 | 1 | _aScience fiction. | |
| 650 | 1 | _aHumorous stories. | |
| 700 |
_aBlake, Quentin _eillustrator |
||
| 906 |
_a7 _bcbc _corignew _d1 _eocip _f19 _gy-gencatlg |
||
| 942 |
_2ddc _cBK _n0 |
||
| 999 |
_c4210 _d4210 |
||